Qui suis-je - Hunter x Hunter - Statistiques

Statistiques générales
  • Ce quiz a été pris 36 fois
  • Le résultat moyen est 13 sur 20
Statistiques - réponses
Groupe # Catégorie % Correct
Vert 210 Je suis un personnage de genre masculin
100%
Vert 72 ... utilisant le Nen
96%
Vert 4 ... appartenant à la catégorie du Nen de la Transformation (Henka)
89%
Vert 2 ... affilié à la Brigade Fantôme
89%
Orange 65 Je suis un personnage de genre féminin
82%
Orange 30 ... utilisant le Nen
82%
Vert 1 ... et ayant participé à la 287ème session d'examen Hunter Hisoka
82%
Orange 10 ... étant Hunter professionnelle
75%
Bleu 40 Je suis membre de la colonie des Fourmis Chimères (Chimera Ants)
75%
Bleu 20 ... utilisant le Nen
75%
Violet 13 ... ayant interagi ou croisé la route de Biscuit Krueger
75%
Orange 2 ... apparaissant dans l'arc des Fourmis Chimères
71%
Violet 36 J'ai été sur Greed Island au cours de l'arc
71%
Bleu 16 ... ne faisant PAS partie de la très haute élite (Ni Roi, ni Garde Royal)
46%
Violet 5 ... me positionnant comme un antagoniste / adversaire direct du groupe de Gon
32%
Violet 2 ... ne faisant PAS partie du trio infernal des Bombers
29%
Bleu 5 ... ayan affronté Gon ou Kirua
21%
Orange 1 ... et appartenant à la catégorie du Nen du Renforcement (Kyōka) Pâmu
21%
Violet 1 ... et je mange les cheveux de mes cibles pour analyser leurs capacités physiques Binolt
18%
Bleu 1 ... et je suis la toute première fourmi à avoir éveillé son Nen Ramotto
18%
Aucun quiz correspondant
Distribution des résultats
% des personnes avec chaque résultat
Percentile par nombre de réponses
Votre historique - résultats
Vous n’avez pas pris ce quiz